LA comédie inhumaine (Record no. 36576)
[ view plain ]
| 000 -LEADER | |
|---|---|
| fixed length control field | 00483 a2200229 4500 |
| 037 ## - SOURCE OF ACQUISITION | |
| Stock number | 27765 |
| 100 ## - VEDETTE PRINCIPALE - NOM DE PERSONNE | |
| Personal name | Wurmser, André |
| 100 ## - VEDETTE PRINCIPALE - NOM DE PERSONNE | |
| Language of a work | Fr |
| 260 ## - PUBLICATION, DISTRIBUTION, ETC. (IMPRINT) | |
| Place of publication, distribution, etc | Paris |
| 260 ## - PUBLICATION, DISTRIBUTION, ETC. (IMPRINT) | |
| Name of publisher, distributor, etc | Gallimard |
| 245 ## - TITLE STATEMENT | |
| Title | LA comédie inhumaine |
| 260 ## - PUBLICATION, DISTRIBUTION, ETC. (IMPRINT) | |
| Date of publication, distribution, etc | 1970 |
| 250 ## - EDITION STATEMENT | |
| Edition statement | édition dénitive |
| 300 ## - PHYSICAL DESCRIPTION | |
| Extent | 838 p. |
| 300 ## - PHYSICAL DESCRIPTION | |
| Other physical details | 22 cm |
| 630 ## - SUBJECT ADDED ENTRY--UNIFORM TITLE | |
| Uniform title | 82 - Litterature |
| 650 ## - SUBJECT ADDED ENTRY--TOPICAL TERM | |
| Topical term or geographic name as entry element | 8 - LITTERATURE |
| 650 ## - SUBJECT ADDED ENTRY--TOPICAL TERM | |
| Topical term or geographic name as entry element | comédie inhumaine |
| 650 ## - SUBJECT ADDED ENTRY--TOPICAL TERM | |
| Topical term or geographic name as entry element | art dramatique |
| Withdrawn status | Lost status | Damaged status | Not for loan | Location (home branch) | Sublocation or collection (holding branch) | Date acquired | Koha issues (times borrowed) | Koha full call number | Koha date last seen | Price effective from | Koha item type |
|---|---|---|---|---|---|---|---|---|---|---|---|
| Bibliothèque Universitaire Centrale | Bibliothèque Universitaire Centrale | 28/02/2009 | 82-11-9 WUR | 28/02/2009 | 28/02/2009 | Livre |